The laws of innkeepers : (Record no. 1855)

MARC details
000 -LEADER
fixed length control field 00938nac a22002531u 4500
010 ## - LIBRARY OF CONGRESS CONTROL NUMBER
LC control number 81067174
020 ## - INTERNATIONAL STANDARD BOOK NUMBER
International Standard Book Number 0801414210
082 00 - DEWEY DECIMAL CLASSIFICATION NUMBER
Classification number 343.7307864794
Item number S5539
090 ## - LOCALLY ASSIGNED LC-TYPE CALL NUMBER (OCLC); LOCAL CALL NUMBER (OCLC)
-- 1855
-- 1855
100 ## - MAIN ENTRY--PERSONAL NAME
Personal name Sherry, John Harold.
245 14 - TITLE STATEMENT
Title The laws of innkeepers :
Remainder of title for hotels, motels, restaurants, and clubs /
Statement of responsibility, etc John H. Sherry.
250 ## - EDITION STATEMENT
Edition statement Rev. ed. /
Remainder of edition statement John E.H. Sherry.
260 ## - PUBLICATION, DISTRIBUTION, ETC. (IMPRINT)
Place of publication, distribution, etc Ithaca :
Name of publisher, distributor, etc Cornell University Press,
Date of publication, distribution, etc 1981.
300 ## - PHYSICAL DESCRIPTION
Extent xvi, 674 p. ;
Dimensions 24 cm.
500 ## - GENERAL NOTE
General note Kept up to date by supplement.
500 ## - GENERAL NOTE
General note Includes index.
500 ## - GENERAL NOTE
General note Donations
500 ## - GENERAL NOTE
General note Donations - Dr. Mostafa Gouda
504 ## - BIBLIOGRAPHY, ETC. NOTE
Bibliography, etc Bibliography: p. 645-651.
650 #0 - SUBJECT ADDED ENTRY--TOPICAL TERM
Topical term or geographic name as entry element Hotels
General subdivision Law and legislation
Geographic subdivision United States.
700 1# - ADDED ENTRY--PERSONAL NAME
Personal name Sherry, John E. H.
942 ## - ADDED ENTRY ELEMENTS (KOHA)
Item type Book - Borrowing
Call number prefix 343.7307864794S5539
Holdings
Withdrawn status Item status Damaged status Not for loan Home library Current library Shelving location Date acquired Source of acquisition Total Checkouts Full call number Barcode Date last seen Date last borrowed Koha item type
        Central Library Central Library First floor 19/12/2006 Purchase 1 343.7307864794 SHE 000002462 15/07/2025 24/09/2013 Book - Borrowing